Statistics for Who Did That 1990s Song #3

Click here to take the quiz!

General Stats

  • This quiz has been taken 37,818 times
  • The average score is 12 of 24

Answer Stats

YearSongArtist or Group% Correct
1999My Name IsEminem
87%
1991Black or WhiteMichael Jackson
79%
1999I Want It That WayBackstreet Boys
77%
1999Genie in a BottleChristina Aguilera
74%
1998I Don't Want to
Miss a Thing
Aerosmith
73%
1991Enter SandmanMetallica
70%
1998Gettin' Jiggy Wit ItWill Smith
67%
1996I Believe I Can FlyR. Kelly
61%
1991(Everything I Do)
I Do It for You
Bryan Adams
56%
1996Amish ParadiseWeird Al Yankovic
54%
1992I'm Too SexyRight Said Fred
51%
1999SmoothSantana
48%
1999Mambo No. 5
(A Little Bit of...)
Lou Bega
46%
1997Du HastRammstein
42%
1999Praise YouFatboy Slim
38%
1997Paranoid AndroidRadiohead
37%
1995HurtNine Inch Nails
33%
1991Let's Talk About SexSalt-n-Pepa
33%
1996No DiggityBLACKstreet
31%
1991Gonna Make You Sweat
(Everybody Dance Now)
C + C Music Factory
23%
1993If I Had $1000000Barenaked Ladies
22%
1991EmotionsMariah Carey
21%
1994Stay (I Missed You)Lisa Loeb
19%
1990PoisonBell Biv DeVoe
16%

Score Distribution

Percentile by Number Answered

Percent of People with Each Score

Your Score History

You have not taken this quiz